Top 15 EU Countries Growing Cleanest Food & Map - Statistics

General Stats
  • This quiz has been taken 166 times
    164 since last reset
  • The average score is 12 of 15
Answers on the Map
Answers color-coded by a green-red scale on the quiz's map according to % correct below.
 
Answer Stats
Cleanest Food % % Correct
Sweden 27.0
96%
Finland 10.8
94%
Ireland 18.9
93%
Denmark 19.7
90%
Estonia 18.0
89%
Austria 20.4
86%
Latvia 22.4
86%
Lithuania 19.7
86%
Malta 29.6
81%
Slovenia 23.6
81%
Bulgaria 19.0
78%
Croatia 24.1
78%
Romania 20.6
78%
Luxembourg 25.1
77%
Cyprus 24.5
33%
No matching quizzes found
Score Distribution
Percent of People with Each Score
Percentile by Number Answered
Your Score History
You have not taken this quiz since the last reset